000 00735nam a2200289Ia 4500
001 2427
003 IT-RoPAU
008 130308s9999 xx 000 0 und d
040 _aIT-RoPAU
040 _cIT-RoPAU
041 _aITALIANO
100 _aPudovchin Vsevolod
100 _gCodice Aut. SPICS: 2299
245 _aMontaggio della recitazione (Il)
245 _bCinema e Teatro
250 _a1a ed.
260 _aROMA
260 _bAteneo
260 _c1957 [1° Ed.:1957 - Ed.Ling.Originale:1939]
300 _a"8 p. (prefazione: no ; testo: 8 [pagine: 313-320])"
650 _aTEORICHE CINEMATOGRAFICHE
650 _eCodice materia Spics: 6805
942 _cBK
957 _71
999 _c52134
_d52134
999 _bSI
999 _g1